00372pab a2200133 454500008004000000100001600040245006700056260000900123300001300132362001100145650002800156650002000184773003400204180718b1998 xxu||||| |||| 00| 0 eng d aEmmel, N.D. aHealth-for-all for 21st century: demise of primary health care c1998 ap.577-80 a14 Mar aHealth services - India aHealth services aEconomic and Political Weekly